000 00472cam a2200145 4500500
005 20251228082920.0
041 _afre
042 _adc
100 1 0 _ade Guardia, Jean
_eauthor
245 0 0 _aPour une poétique classique de Dom Juan.
260 _c2006.
500 _a14
786 0 _nDix-septième siècle | 232 | 3 | 2006-09-01 | p. 487-497 | 0012-4273
856 4 1 _uhttps://shs.cairn.info/revue-dix-septieme-siecle-2006-3-page-487?lang=fr&redirect-ssocas=7080
999 _c1600075
_d1600075